Bilecik Bilecik Bilecik Bilecik Bilecik

Bizden size selam olsun : (Record no. 8717)

MARC details
000 -BAŞLIK
Sabit Uzunluktaki Kontrol Alanı 03793nam a22003137a 4500
001 - KONTROL NUMARASI
Control Dosyası 0008745
003 - KONTROL NUMARASI KİMLİĞİ
Kontrol Alanı KOHA_MİRAKIL
005 - EN SON İŞLEM TARİHİ ve ZAMANI
Kontrol Alanı 20260207001647.0
007 - FİZİKSEL TANIM SABİT ALAN - GENEL BİLGİ
Sabit uzunluklu kontrol alanı ta
008 - SABİT UZUNLUKTAKİ VERİ ÖGELERİ - GENEL BİLGİ
Sabit Alan 100211b2005 tu |||gr||||#0|||1|tur |
020 ## - ISBN - ULUSLARARASI STANDART KİTAP NUMARASI
Isbn 9759850400
040 ## - KATALOGLAMA KAYNAĞI
Özgün Kataloglama Kurumu TR-BiSEU
Kataloglama Dili tur
Çeviri Kurumu TR-BiSEU
Açıklama Kuralları rda
041 0# - DİL KODU
Metin ya da ses kaydının dil kodu tur
044 ## - YAYINLAYAN/ÜRETEN KURULUŞUN ÜLKE KODU
ISO country code tu
050 ## - SINIFLAMA ve YER NUMARASI
Sınıflama Numarası PL242
Yer Numarası .B59 2005
245 0# - ESER ADI BİLDİRİMİ
Başlık Bizden size selam olsun :
Alt Eseradı vb. şehit mektupları/
Sorumluluk Bildirimi editörler Koray Gürbüz, Hüseyin Özlük.
264 #1 - ÜRERİM, YAYIN, DAĞITIM ve TELİF BİLDİRİMİ
Yayın yeri Ankara :
Yayınlayan ÇOKAV
Yayın tarihi 2005
300 ## - FİZİKSEL TANIMLAMA
Sayfa, Cilt vb. 359 sayfa: resimli
336 ## - İÇERİK TÜRÜ
Content type term metin
Content type code txt
Source rdacontent
337 ## - MEDYA TÜRÜ
Media type term aracısız
Media type code n
Source rdamedia
338 ## - TAŞIYICI TÜRÜ
Carrier type term cilt
Carrier type code nc
Source rdacarrier
505 ## - İÇİNDEKİLER NOTU
İçindekiler Notu İÇİNDEKİLER
650 #0 - KONU BAŞLIĞI EK GİRİŞ - KONU TERİMİ
Konusal terim veya coğrafi ad Terörizm--Türkiye.
9 (RLIN) 6333
650 #0 - KONU BAŞLIĞI EK GİRİŞ - KONU TERİMİ
Konusal terim veya coğrafi ad Şehitler--Türkiye Yazışmalar.
9 (RLIN) 6334
650 #0 - KONU BAŞLIĞI EK GİRİŞ - KONU TERİMİ
Konusal terim veya coğrafi ad Terrorism--Turkey.
9 (RLIN) 6335
650 #0 - KONU BAŞLIĞI EK GİRİŞ - KONU TERİMİ
Konusal terim veya coğrafi ad Martyrs--Turkey Correspondence.
9 (RLIN) 6336
907 ## - LOCAL DATA ELEMENT G, LDG (RLIN)
a Okuma Kitabı
942 ## - EK GİRİŞ ÖGELERİ (KOHA)
Source of classification or shelving scheme Library of Congress Classification
Koha item type Book
505 ## - İÇİNDEKİLER NOTU
-- Özgeçmiş 5
-- Önsöz 6
-- Bu Kitap Neden Hazırlandı 9
-- Gazilerimiz 14
-- Şehit J.Astsb.Serhat GENCER 20
-- Şehit Öğretmen Sait KORKMAZ 23
-- Şehit Polis Rahmi DANA 30
-- Zirvenin Başında 35
-- Şehit Uzm.Çvş.Murat İLERİGELEN 41
-- Şehit J.Er Baki TEKE 45
-- Baki TEKE ile Birlikte Şehit Olanlar 50
-- Şehit Bedri KAYABIYIK 52
-- Kesik Burunlu Katırlar 54
-- Şehit J.Er Muhammet TÜRK 56
-- Muhammet Türk İle Birlikte Şehit Olanlar 61
-- Şehit Polis Osman ÇINAR 64
-- Şehit J.Er Zeynel Abidin YÜKSEL 66
-- İsimsiz Mektup 78
-- Güneydoğuda Bayram 81
-- Şehit J.Astsb.Resul ELHAN 84
-- Şehit Polis İhsan SAK 93
-- Şehit Dnz.Er Sadık ÇELİK 95
-- 1529 Rakımlı Tepe 105
-- Şehit Öğretmen Ali KARAOĞLAN 110
-- Şehit J.Er Necdet AYHAN 114
-- Necdet AYHAN ile Birlikte Şehit Olanlar 120
-- Şehit J. Astsb.Ahmet ÇALIŞKAN 123
-- Şehit J.Çvş.Sadık TÜRKYILMAZ 130
-- Sadık TÜRKYILMAZ İle Birlikte Şehit Olanlar 135
-- Güneydoğu'dan Kısa Kısa 137
-- Şehit J.Atğm.Erkan APALAK 139
-- Şehit Polis İshak ÇELİK 150
-- Dağlara Alıştınız Mı? 153
-- Şehit Atğm.Hakan Zeki VARAN 157
-- Şehit J.Astsb.İrfan ÇİFTÇİ 162
-- Şehit J.Er. Recep YAVUZ 169
-- Şah ve Mat 174
-- Şehit J.Uzm.Çvş.Tahsin ONUK 179
-- Şehit J.Onb.İlyas ACAR 184
-- Tek Top Ağaç 193
-- Şehit Öğretmen Hayati KAPUKAYA 198
-- Şehit J.Er.Cemil DİL 204
-- Cemil DİL ile Birlikte Şehit Olanlar 210
-- Şehit Ramazan 121
-- Neler Oluyor Hayatta 216
-- Şehit J.Er Himmet ÖZBİLGİN 218
-- Şehit J.Er Mehmet Ali ÖZER 224
-- H.BİLGİN ve M.A.ÖZER İle Birlikte Şehit Olanlar 229
-- Olay Yeri Tespit Tutanağı 233
-- Şehit Polis Murat ŞENGÜL 237
-- Dost Eli 239
-- Şehit J.Er Ayhan ÇAKIR 243
-- Şehit J.Astsb.Aşkın YELDİREN 248
-- Aşkın YELDİREN ile Birlikte Şehit Olanlar 254
-- İsmi Belirlenemeyen Şehit 258
-- Ümit Ümitsiz Kalırsa 260
-- Olay Yeri Tespit Tutanağı 265
-- Şehit Öğretmen Erol ERCAN 268
-- Şehit Öğretmen Mahmut ÇATALKAYA 273
-- Şehit Öğretmen Ali YILDIZ 274
-- Şehit Öğretmen Mehmet Zeki ODUK 276
-- Gizemli Mağara 278
-- Şehit J.Er Ali GEZER 282
-- Şehit J.Er İlimdar ATASOY 286
-- İlimdar ATASOY İle Birlikte Şehit Olanlar 289
-- Şehit J.Er Hüseyin ARI 292
-- Hüseyin ARI ile Birlikte Şehit Olanlar 296
-- Gabar'da Yaşamak 297
-- Şehit Erdal 301
-- Şehit Genkur.Öz.Kv. Astsb.Bilge İLHAN 303
-- Şehit Polis İsmail VAR 308
-- Şehit J.Çvş.Necdet FİDAN 313
-- Necdet FİDAN ile Birlikte Şehit Olanlar 319
-- Şehit Erdoğan 321
-- Şehit J.Onb.Kemal KARTAL 325
-- Şehit J.Er İbrahim KODUK 328
-- İbrahim KODUK ile Birlikte Şehit Olanlar 335
-- Şehit J.Er.İbrahim KARAKAŞ 340
-- Yedi Ay Önce 345
-- Şehit J.Er.Musa DEMİR 347
-- Şehit Polis Nevzat CEYHAN 352
-- Şehit J.Onb.Yılmaz GÖKÇEN 356
-- Yılmaz GÖKÇEN İle Birlikte Şehit Olanlar 359
-- Üç Çocuk 360
-- Şehit Polis Mahmut GÜLER 363
-- Şehit J.Er Halil TÖNBE 367
-- Aynı Çatışmada Şehit Olanların Otopsi Raporları 370
-- Yaşam ve İnsan 379
Holdings
Materyal Türü Kalıcı Konum Mevcut Konum Raf Yeri Sınıflandırma Kaynağı Edinim Bilgisi Ana Konular Alt Konular Yer Numarası Demirbaş Numarası Fatura Tarihi Maliyet, Alış Fiyatı Maliyet, Yenileme Fiyatı Geri Çekilme Durumu Kayıp Durumu Hasarlı Durumu Kredi için değil Kayıt Tarih Toplam Ödünçverme Son Görülme Tarihi Son Kontrol Tarihi Genel / Bağış Notu
Book Prof. Dr. Azmi Özcan Kütüphanesi Prof. Dr. Azmi Özcan Kütüphanesi Birûni Salonu Library of Congress Classification Bağış DİL VE EDEBİYAT Doğu Asya, Afrika, Okyanusya Dilleri ve Edebiyatları PL242 .B59 2005 0008745 13/08/2010 14.00 14.00         13/10/2009 18 05/12/2024 05/12/2024 Mehmet Alpargu, Akademisyen
Book Prof. Dr. Azmi Özcan Kütüphanesi Prof. Dr. Azmi Özcan Kütüphanesi Birûni Salonu Library of Congress Classification Bağış DİL VE EDEBİYAT Doğu Asya, Afrika, Okyanusya Dilleri ve Edebiyatları PL242 .B59 2005 0013032 02/02/2026 14.00 14.00         11/02/2010 4 05/12/2024 05/12/2024 Genel Bağış